000 00770cam a2200229 4500
001 84510
003 BD-RjUL
005 20241210121844.0
008 241207s1967 enkabfj b 001 0 eng
035 _a(BD-RjUL)84510
040 _aDLC
_cDLC
_dDLC
_beng
041 _aeng
082 0 0 _a954/.023
_223
_bLAH 1967
100 1 _aLal, Kishori Saran,
_d1920-
_914644
245 1 0 _aHistory of the Khaljis, A.D. 1290-1320. /
_cKishori Saran Lal
260 _aLondon,
_bAsia Publishing House,
_c1967
300 _axv, 388 p.
_b2 plates, 1 illus., geneal. table, 2 maps.
_c22 cm.
350 _a50/-
504 _aBibliography: p. 373-378.
600 3 0 _aKhilji dynasty.
_914645
942 _2ddc
_cBK
999 _c84510
_d84510